Crsitianos y moriscos (Record no. 53433)

MARC details
000 -LEADER
campo de control de longitud fija 01038nam a2200241 i 4500
001 - NÚMERO DE CONTROL
campo de control 53433
003 - IDENTIFICADOR DE NÚMERO DE CONTROL
campo de control ES-MaACL
005 - FECHA Y HORA DE LA ÚLTIMA TRANSACCIÓN
campo de control 20250918063026.0
007 - CAMPO FIJO DE DESCRIPCIÓN FÍSICA--INFORMACIÓN GENERAL
campo de control de longitud fija t|
008 - DATOS DE LONGITUD FIJA--INFORMACIÓN GENERAL
campo de control de longitud fija 031024s1838 sp ||||1| spa d
080 ## - NÚMERO DE LA CLASIFICACIÓN DECIMAL UNIVERSAL
Número de la Clasificación Decimal Universal 821.134.2-31"18"
100 1# - ENTRADA PRINCIPAL--NOMBRE DE PERSONA
Nombre de persona Estébanez Calderón, Serafín,
Fechas asociadas al nombre 1799-1867
9 (RLIN) 48084
245 10 - MENCIÓN DEL TÍTULO
Título Crsitianos y moriscos
Resto del título : novela lastimosa /
Mención de responsabilidad, etc. su autor, El Solitario.
260 ## - PUBLICACIÓN, DISTRIBUCIÓN, ETC.
Lugar de publicación, distribución, etc. Madrid :
Nombre del editor, distribuidor, etc. [s.n.],
Fecha de publicación, distribución, etc. 1838 (
Fabricante Imp. de D. León Amarita)
300 ## - DESCRIPCIÓN FÍSICA
Extensión XV, 149 p. ;
Dimensiones 15 cm.
490 1# - MENCIÓN DE SERIE
Mención de serie Colección de novelas originales españolas
500 ## - NOTA GENERAL
Nota general El Solitario es seud. de Serafín Estébanez Calderón.
530 ## - NOTA DISPONIBLE DE FORMULARIO FÍSICO ADICIONAL
Nota de formato físico adicional disponible Disponible también en sitio web.
830 0# - PUNTO DE ACCESO ADICIONAL DE SERIE-TÍTULO UNIFORME
Título uniforme Colección de novelas originales españolas
9 (RLIN) 230250
852 ## - LOCALIZACIÓN
Ubicación ES-MaACL
Número de control de estantería Z-243
Encuadernación Olim: G-522
Signatura antigua
Nota libre .- Anotación manuscrita: "A su amigo Lameyer", El autor
856 ## - LOCALIZACIÓN Y ACCESO ELECTRÓNICOS
Identificador Uniforme de Recursos <a href="http://bibliotecadigitalhispanica.bne.es:80/webclient/DeliveryManager?pid=2700913&custom_att_2=simple_viewer">http://bibliotecadigitalhispanica.bne.es:80/webclient/DeliveryManager?pid=2700913&custom_att_2=simple_viewer</a>
Nota pública Ir a la página
Holdings
Estatus retirado Estado de pérdida Estado de daño No para préstamo Colección Biblioteca de origen Biblioteca actual Ubicación en estantería Fecha de adquisición Fuente de adquisición Total de préstamos Signatura topográfica completa Código de barras Visto por última vez Precio de reemplazo Tipo de ítem Koha
        Colección digital Biblioteca del Ateneo de Madrid Biblioteca del Ateneo de Madrid Depósito Z 17/01/2008     Z-243 1056146 23/02/2023 23/02/2023 Libro impreso antiguo